00416nam a2200133Ia 4500008004100000020001800041082001900059100002100078245009100099260003600190300001000226500001100236650003500247120629s9999 xx 000 0 und d a970-15-0107-1 a658.4012 L872c aLorino, Philippe aEl Control de gestión estratégico : la gestión por actividades / Philippe Lorino aMéxico : Alfaomega ; Marcombo a194 p aAnexos a1. PLANEAMIENTO ESTRATEGICOÌ